[Event "21st European Teams"]
[Site "Hersonissos GRE"]
[Date "2017.11.06"]
[Round "9.16"]
[Board "2"]
[White "Sousa, Andre Ventura"]
[Black "Nedev, Trajko"]
[Result "0-1"]
[WhiteTitle "IM"]
[BlackTitle "GM"]
[WhiteElo "2405"]
[BlackElo "2479"]
[WhiteTeam "Portugal"]
[BlackTeam "FYROM"]
[WhiteFideId "1917617"]
[BlackFideId "15000605"]
[EventDate "2017.10.28"]

1. e4 c5 2. Nf3 Nc6 3. Bb5 g6 4. O-O Bg7 5. Nc3 Nh6 6. Re1 O-O 7. Bxc6 bxc6 8.
d3 d6 9. h3 f5 10. e5 Nf7 11. Bf4 h6 12. h4 Rb8 13. b3 Rb4 14. Qd2 dxe5 15. Nxe5
Rxf4 16. Qxf4 Qd6 17. d4 cxd4 18. Nd3 e5 19. Qg3 dxc3 20. Rad1 Qf6 21. Nc5 e4
22. Qc7 Qxh4 0-1

[Event "21st European Teams"]
[Site "Hersonissos GRE"]
[Date "2017.11.06"]
[Round "9.16"]
[Board "3"]
[White "Stojanovski, Dejan"]
[Black "Silva, Luis Neves Da"]
[Result "1-0"]
[WhiteTitle "IM"]
[BlackTitle "FM"]
[WhiteElo "2454"]
[BlackElo "2355"]
[WhiteTeam "FYROM"]
[BlackTeam "Portugal"]
[WhiteFideId "15000796"]
[BlackFideId "1919121"]
[EventDate "2017.10.28"]

1. d4 d5 2. Bf4 Nf6 3. e3 e6 4. Nf3 Bd6 5. Bg3 O-O 6. Nbd2 b6 7. Ne5 Bb7 8. Be2
c5 9. c3 Nc6 10. f4 Ne7 11. O-O Nf5 12. Bf2 Be7 13. a4 a5 14. g4 Nd6 15. Bh4
Nfe4 16. Bxe7 Qxe7 17. Nxe4 Nxe4 18. Bd3 f6 19. Nf3 Ba6 20. Bxa6 Rxa6 21. Nd2
Nd6 22. Qe2 Ra7 23. Qf3 Qb7 24. b3 Rc8 25. Rab1 f5 26. gxf5 cxd4 27. exd4 exf5
28. Rbc1 Qf7 29. Qd3 Rac7 30. Nf3 Qg6+ 31. Kh1 Ne4 32. Ne5 Qd6 33. c4 Qa3 34.
Rc2 dxc4 35. Nxc4 Qb4 36. d5 b5 37. axb5 Qxb5 38. d6 Qc6 39. Kg1 Nxd6 40. Nxd6
Qxc2 41. Qd5+ Kh8 42. Nxc8 Rxc8 43. Qxa5 h6 44. Qd5 Re8 45. Qd1 Qb2 46. Rf2 Qc3
47. Rf1 Re6 48. Qf3 Re3 49. Qa8+ Kh7 50. Qd5 Qc2 51. Rf2 Re1+ 52. Kg2 Qb1 53. b4
Rd1 54. Qc4 Rg1+ 55. Kf3 Rc1 56. Qd4 Rd1 57. Qc4 Rd3+ 58. Kg2 Qd1 59. h3 Rd6 60.
Kh2 Qe1 61. Qc5 Rg6 62. Rg2 Rxg2+ 63. Kxg2 Qe4+ 64. Kg3 h5 65. h4 Qe1+ 66. Kg2
Qe2+ 67. Qf2 Qe4+ 68. Qf3 Qc2+ 69. Kg3 Kg6 70. b5 Qb1 71. Qc6+ Kf7 72. Kf2 Ke7
73. b6 Qb2+ 74. Ke3 Qb3+ 75. Kd4 Qb2+ 76. Kc4 Qe2+ 77. Kb4 Qb2+ 78. Ka5 Qa2+ 79.
Kb5 Qe2+ 80. Qc4 Qb2+ 81. Qb4+ 1-0

[Event "21st European Teams"]
[Site "Hersonissos GRE"]
[Date "2017.11.06"]
[Round "9.16"]
[Board "4"]
[White "Martins, David Pires Tavares"]
[Black "Nikolovski, Nikola"]
[Result "1/2-1/2"]
[WhiteTitle "IM"]
[BlackTitle "FM"]
[WhiteElo "2384"]
[BlackElo "2420"]
[WhiteTeam "Portugal"]
[BlackTeam "FYROM"]
[WhiteFideId "1909991"]
[BlackFideId "15002314"]
[EventDate "2017.10.28"]

1. Nf3 f5 2. d4 Nf6 3. g3 e6 4. Bg2 Be7 5. O-O O-O 6. c4 d6 7. Nc3 a5 8. Re1 Ne4
9. Qc2 Nxc3 10. Qxc3 Nc6 11. d5 Bf6 12. Qb3 Nb4 13. a3 Na6 14. dxe6 Nc5 15. Qc2
Bxe6 16. Be3 a4 17. Rad1 Qe7 18. Nd4 c6 19. Nxe6 Nxe6 20. Bd2 g5 21. Bb4 Be5 22.
e3 g4 23. h4 Rf6 24. Rd2 Ng7 25. Bc3 Bxc3 26. Qxc3 f4 27. gxf4 Rxf4 28. Rd4 Rxd4
29. Qxd4 Qxh4 30. Qxd6 Rf8 31. Rf1 Qg5 32. Rd1 Qf5 33. Rd2 Ne6 34. Qe7 Ng5 35.
Qd7 Nf3+ 36. Bxf3 Qxf3 37. Qe6+ Kh8 38. Qe5+ Kg8 39. Qg5+ Kh8 40. Qe5+ Kg8 41.
Qg5+ Kh8 1/2-1/2

[Event "21st European Teams"]
[Site "Hersonissos GRE"]
[Date "2017.11.06"]
[Round "9.17"]
[Board "1"]
[White "Steingrimsson, Hedinn"]
[Black "Nielsen, Hogni Egilstoft"]
[Result "1-0"]
[WhiteTitle "GM"]
[BlackTitle "FM"]
[WhiteElo "2576"]
[BlackElo "2352"]
[WhiteTeam "Iceland"]
[BlackTeam "Faroe Islands"]
[WhiteFideId "2300117"]
[BlackFideId "7200404"]
[EventDate "2017.10.28"]

1. d4 Nf6 2. c4 g6 3. Nc3 Bg7 4. e4 d6 5. Be2 O-O 6. Bg5 Na6 7. f4 c6 8. Bf3 Qc7
9. Nge2 Ng4 10. f5 Nf6 11. g4 e6 12. Qd2 c5 13. d5 exf5 14. gxf5 Nd7 15. Ng3 Re8
16. Rg1 Qa5 17. h4 Qb4 18. Be2 Ne5 19. a3 Qb3 20. Nb5 Nf3+ 21. Bxf3 Qxf3 22.
Nxd6 Be5 23. Nxe8 Bxg3+ 24. Rxg3 Qxg3+ 25. Qf2 Qe5 26. Nf6+ Kg7 27. O-O-O h6 28.
Bd2 1-0

[Event "21st European Teams"]
[Site "Hersonissos GRE"]
[Date "2017.11.06"]
[Round "9.17"]
[Board "2"]
[White "Nielsen, Rogvi Egilstoft"]
[Black "Gretarsson, Hjorvar Steinn"]
[Result "0-1"]
[WhiteTitle "FM"]
[BlackTitle "GM"]
[WhiteElo "2338"]
[BlackElo "2567"]
[WhiteTeam "Faroe Islands"]
[BlackTeam "Iceland"]
[WhiteFideId "7200447"]
[BlackFideId "2302241"]
[EventDate "2017.10.28"]

1. e4 c6 2. d4 d5 3. exd5 cxd5 4. c4 Nf6 5. Nc3 e6 6. c5 Be7 7. Nf3 O-O 8. Qc2
b6 9. b4 Nc6 10. Rb1 a5 11. a3 axb4 12. axb4 bxc5 13. bxc5 e5 14. dxe5 Ng4 15.
Bd3 Ncxe5 16. Nxe5 Nxe5 17. Bxh7+ Kh8 18. Bf5 d4 19. Bxc8 Qxc8 20. Qe2 Qf5 21.
Ne4 Ra2 22. Rb2 d3 23. Qe3 Nc4 24. Ng3 Nxe3 25. Nxf5 Rxb2 26. Bxe3 Re2+ 27. Kd1
Ra8 28. Nd4 Rxe3 29. fxe3 Ra1+ 30. Kd2 Rxh1 0-1

[Event "21st European Teams"]
[Site "Hersonissos GRE"]
[Date "2017.11.06"]
[Round "9.17"]
[Board "3"]
[White "Stefansson, Hannes"]
[Black "Rodgaard, John"]
[Result "1-0"]
[WhiteTitle "GM"]
[BlackTitle "IM"]
[WhiteElo "2508"]
[BlackElo "2332"]
[WhiteTeam "Iceland"]
[BlackTeam "Faroe Islands"]
[WhiteFideId "2300087"]
[BlackFideId "7200013"]
[EventDate "2017.10.28"]

1. e4 e6 2. d4 d5 3. Nc3 Bb4 4. e5 Ne7 5. a3 Bxc3+ 6. bxc3 c5 7. Qg4 O-O 8. Bd3
f5 9. exf6 Rxf6 10. Bg5 Rf7 11. Qh5 g6 12. Qd1 Qa5 13. Bd2 Nd7 14. Nf3 c4 15.
Be2 Nc6 16. h4 Nf6 17. Ng5 Rg7 18. O-O Bd7 19. Re1 Re8 20. Bf1 Rge7 21. g3 e5
22. dxe5 Nxe5 23. Bf4 Nc6 24. Rxe7 Rxe7 25. Bd6 Re8 26. Bg2 Bf5 27. Bb4 Qd8 28.
Bc5 h6 29. Nh3 Ne4 30. Bd4 Qa5 31. Nf4 Nxc3 32. Bxc3 Qxc3 33. Nxd5 Qe5 34. Ne3
Nd4 35. c3 Nb3 36. Qd5+ Qxd5 37. Bxd5+ Be6 38. Rd1 b5 39. Bc6 Rb8 40. Nd5 Na5
41. Bd7 Bxd7 42. Nf6+ Kg7 43. Nxd7 Rd8 44. Kf1 Nc6 45. Rd5 Ne7 46. Rd2 g5 47. h5
Nc6 48. Ke2 a5 49. Nb6 Rxd2+ 50. Kxd2 Kf6 51. Ke3 Ke5 52. a4 bxa4 53. Nxc4+ Kf5
54. f3 g4 55. f4 Ke6 56. Kd3 a3 57. Nxa3 Ne7 58. Nc2 Nd5 59. Nd4+ Kd7 60. Ke4
Nxc3+ 61. Kf5 a4 62. Kg6 a3 63. Nc2 a2 64. Kxh6 Ne4 65. Kg6 Nxg3 66. h6 Nh5 67.
h7 Nxf4+ 68. Kf5 g3 69. h8=Q g2 70. Qg7+ 1-0

[Event "21st European Teams"]
[Site "Hersonissos GRE"]
[Date "2017.11.06"]
[Round "9.17"]
[Board "4"]
[White "Nilssen, John Arni"]
[Black "Kjartansson, Gudmundur"]
[Result "0-1"]
[WhiteTitle "IM"]
[BlackTitle "IM"]
[WhiteElo "2326"]
[BlackElo "2456"]
[WhiteTeam "Faroe Islands"]
[BlackTeam "Iceland"]
[WhiteFideId "7200137"]
[BlackFideId "2301318"]
[EventDate "2017.10.28"]

1. d4 d5 2. c4 c6 3. Nc3 e6 4. Nf3 Nf6 5. Bg5 h6 6. Bh4 dxc4 7. e4 g5 8. Bg3 b5
9. Be2 Bg7 10. Qc2 g4 11. Nd2 Nh5 12. Rd1 Nxg3 13. hxg3 Bxd4 14. Bxg4 Na6 15.
Be2 Qb6 16. O-O e5 17. b3 Nb4 18. Qc1 cxb3 19. Nxb3 Be6 20. Qb2 a5 21. Nxd4 exd4
22. a3 Na6 23. Na4 Qa7 24. Bxb5 cxb5 25. Qxb5+ Ke7 26. Nb6 Rab8 27. Nd5+ Bxd5
28. Qxd5 Qc5 29. Rxd4 Rhd8 30. Qxc5+ Nxc5 31. Rc4 Ne6 32. e5 Rd4 33. Rc3 Rb2 34.
Re1 Rdd2 35. Rf3 Re2 36. Rc1 Rxe5 37. Rc6 Rb1+ 0-1

[Event "21st European Teams"]
[Site "Hersonissos GRE"]
[Date "2017.11.06"]
[Round "9.18"]
[Board "1"]
[White "Mehmeti, Dritan"]
[Black "Djukic, Nikola"]
[Result "0-1"]
[WhiteTitle "IM"]
[BlackTitle "GM"]
[WhiteElo "2428"]
[BlackElo "2519"]
[WhiteTeam "Albania"]
[BlackTeam "Montenegro"]
[WhiteFideId "4700600"]
[BlackFideId "922412"]
[EventDate "2017.10.28"]

1. d4 Nf6 2. Bg5 e6 3. e4 h6 4. Bxf6 Qxf6 5. Nf3 d6 6. Nc3 Nd7 7. Qd2 a6 8.
O-O-O Qd8 9. Kb1 c5 10. dxc5 Nxc5 11. e5 d5 12. Bd3 Bd7 13. Nd4 Qb6 14. Nce2
O-O-O 15. f4 Kb8 16. Rc1 Be7 17. Rhd1 f6 18. exf6 gxf6 19. Nf3 Ne4 20. Bxe4 dxe4
21. Qd4 Bc5 22. Qxe4 Be3 23. Rd3 Bxc1 24. Nxc1 Bb5 25. c4 Rxd3 26. Nxd3 Qc6 27.
Qxc6 Bxc6 28. Nfe1 h5 29. g3 Rg8 30. Nf2 h4 31. g4 f5 32. gxf5 Rg1 0-1

[Event "21st European Teams"]
[Site "Hersonissos GRE"]
[Date "2017.11.06"]
[Round "9.18"]
[Board "2"]
[White "Blagojevic, Dragisa"]
[Black "Pasko, Llambi"]
[Result "1-0"]
[WhiteTitle "GM"]
[WhiteElo "2488"]
[BlackElo "2292"]
[WhiteTeam "Montenegro"]
[BlackTeam "Albania"]
[WhiteFideId "900885"]
[BlackFideId "4701178"]
[EventDate "2017.10.28"]

1. d4 Nf6 2. c4 g6 3. Nf3 Bg7 4. g3 d6 5. Bg2 O-O 6. Nc3 c5 7. O-O Nc6 8. dxc5
dxc5 9. Be3 Ng4 10. Bd2 Nge5 11. Nxe5 Nxe5 12. b3 Nc6 13. Qc1 Re8 14. Rd1 Nd4
15. Bh6 Qa5 16. Bxg7 Kxg7 17. Rd2 f6 18. Qb2 Rb8 19. Ne4 Rd8 20. a3 Nc6 21. Rd5
Rxd5 22. cxd5 Ne5 23. Rc1 b6 24. d6 Bb7 25. dxe7 Bxe4 26. Bxe4 Re8 27. f4 Nf7
28. b4 Qa4 29. Bf3 Rxe7 30. bxc5 bxc5 31. Rxc5 Nd6 32. Rc6 Ne8 33. Kf2 Rc7 34.
Qc3 Re7 35. Qc5 Kf8 36. Bd5 h6 37. Bc4 Qd1 38. Rc8 Qd2 39. Rxe8+ Kxe8 40. Qc8+
Qd8 41. Bb5+ 1-0

[Event "21st European Teams"]
[Site "Hersonissos GRE"]
[Date "2017.11.06"]
[Round "9.18"]
[Board "3"]
[White "Ashiku, Franc"]
[Black "Kosic, Dragan"]
[Result "0-1"]
[WhiteTitle "FM"]
[BlackTitle "GM"]
[WhiteElo "2394"]
[BlackElo "2493"]
[WhiteTeam "Albania"]
[BlackTeam "Montenegro"]
[WhiteFideId "4700066"]
[BlackFideId "900290"]
[EventDate "2017.10.28"]

1. Nf3 Nf6 2. g3 c5 3. c4 e6 4. Bg2 d5 5. cxd5 exd5 6. d4 Be7 7. O-O O-O 8. dxc5
Bxc5 9. Qc2 Bb6 10. Nc3 h6 11. Na4 Bc7 12. Be3 Nc6 13. Rfd1 Re8 14. Rac1 Qe7 15.
Nc5 Bb6 16. Qc3 Ng4 17. Bd4 Ba5 18. Qd3 Qxe2 19. h3 Qxd3 20. Rxd3 Nxd4 21. Nxd4
Nf6 22. Nb5 Re2 23. Nd6 Bb6 24. Na4 Be6 25. Nxb6 axb6 26. Rb3 Rxa2 27. Rb1 Nd7
28. Bf3 Rc2 29. Bg4 Bxg4 30. hxg4 Ne5 31. Rb4 Nd3 32. Rxb6 Ra6 33. Rxa6 bxa6 34.
f4 Rxb2 35. Rd1 Nb4 36. Nc8 Kf8 37. Nb6 a5 38. Nxd5 Nxd5 39. Rxd5 a4 40. Ra5 Ra2
41. Ra7 a3 42. Kf1 g6 43. f5 gxf5 44. gxf5 Kg7 45. Ra6 h5 46. Kg1 f6 47. Kf1 Kf7
48. Ra7+ Ke8 49. Ke1 Kd8 50. Kd1 Ra1+ 51. Kc2 a2 52. Kb2 Rf1 53. Kxa2 Rxf5 54.
Kb2 Rg5 55. Ra3 Ke7 56. Kc2 Rd5 57. Rd3 Re5 58. Kd2 Kf7 59. Rd4 Kg6 60. Rf4 Kg5
61. Ra4 f5 62. Ra8 Kg4 63. Rg8+ Kh3 64. Rg5 h4 65. g4 Kg3 66. gxf5+ Kf4 67. Rg1
h3 68. Rf1+ Kg3 69. f6 Re8 70. f7 Rf8 71. Ke2 h2 72. Rf3+ Kg4 73. Rf1 Rxf7 74.
Rxf7 h1=Q 75. Rg7+ Kf5 76. Rf7+ Ke6 77. Rf4 Ke5 78. Rc4 Qd5 79. Rg4 Qb3 80. Kf2
Qd1 81. Rh4 Kf5 82. Rh7 Qc2+ 83. Ke3 Qc3+ 84. Ke2 Kg4 85. Rd7 Qc4+ 86. Kd2 Qa2+
87. Kc1 Kf3 88. Rd2 Qa3+ 89. Kd1 Qa4+ 90. Kc1 Ke3 91. Rd8 Qa1+ 92. Kc2 Qa2+ 93.
Kc1 Qc4+ 94. Kb2 Qb5+ 95. Kc2 Qc6+ 96. Kd1 Qb6 97. Rc8 Qb1+ 0-1

[Event "21st European Teams"]
[Site "Hersonissos GRE"]
[Date "2017.11.06"]
[Round "9.18"]
[Board "4"]
[White "Draskovic, Luka"]
[Black "Seitaj, Ilir"]
[Result "1-0"]
[WhiteTitle "IM"]
[BlackTitle "IM"]
[WhiteElo "2450"]
[BlackElo "2372"]
[WhiteTeam "Montenegro"]
[BlackTeam "Albania"]
[WhiteFideId "944335"]
[BlackFideId "4700031"]
[EventDate "2017.10.28"]

1. e4 e5 2. Nf3 Nc6 3. Bc4 Nf6 4. Ng5 d5 5. exd5 Na5 6. Bb5+ c6 7. dxc6 bxc6 8.
Bd3 Bd6 9. O-O O-O 10. Nc3 Bc7 11. b4 Nb7 12. b5 h6 13. Nge4 Na5 14. Ba3 Re8 15.
bxc6 Nxe4 16. Bxe4 Be6 17. d3 f5 18. Bf3 Bf7 19. g3 a6 20. Bb4 Rc8 21. Bg2 Bb8
22. Bxa5 Qxa5 23. Qd2 e4 24. Nxe4 Qa3 25. Nc3 Be5 26. d4 Rcd8 27. Ne2 f4 28. c3
Bc4 29. Rfe1 fxg3 30. hxg3 Bc7 31. Nf4 Ba5 32. Rxe8+ Rxe8 33. Re1 Rd8 34. Qe3
Bf7 35. d5 Qxa2 36. Ne6 Re8 37. Qe5 Bxe6 38. dxe6 Qd2 39. e7 Kh8 40. Re2 Qd1+
41. Kh2 Bxc3 42. Qe6 1-0

[Event "21st European Teams"]
[Site "Hersonissos GRE"]
[Date "2017.11.06"]
[Round "9.19"]
[Board "1"]
[White "Tate, Alan"]
[Black "Hovhannisyan, Mher"]
[Result "0-1"]
[WhiteTitle "FM"]
[BlackTitle "IM"]
[WhiteElo "2366"]
[BlackElo "2466"]
[WhiteTeam "Scotland"]
[BlackTeam "Belgium"]
[WhiteFideId "2401878"]
[BlackFideId "13300865"]
[EventDate "2017.10.28"]

1. e4 e6 2. d4 d5 3. Nd2 c5 4. Ngf3 Nc6 5. exd5 exd5 6. Bb5 Bd6 7. dxc5 Bxc5 8.
O-O Ne7 9. Nb3 Bb6 10. Re1 O-O 11. Be3 Bg4 12. Bxb6 Qxb6 13. Be2 a5 14. a4 Rfd8
15. Nfd4 Bxe2 16. Rxe2 Ng6 17. Nxc6 bxc6 18. Qd4 Qxd4 19. Nxd4 c5 20. Nb5 Nf4
21. Rd2 Rd7 22. Rad1 Rad8 23. Na3 Rb8 24. b3 d4 25. Nc4 Ra7 26. Re1 g6 27. g3
Nd5 28. Re5 Rd8 29. Na3 Ra6 30. Rde2 Kg7 31. Re8 Rd7 32. Rd2 Nb4 33. Rc8 Rd5 34.
Rc7 Re6 35. Kf1 Rde5 36. Nc4 Re1+ 37. Kg2 Rc1 38. Rxc5 Nxc2 39. f3 d3 40. Kf2
Nd4 41. Rd5 Re2+ 42. Rxe2 dxe2 0-1

[Event "21st European Teams"]
[Site "Hersonissos GRE"]
[Date "2017.11.06"]
[Round "9.19"]
[Board "2"]
[White "Godart, Francois"]
[Black "Berry, Neil"]
[Result "1-0"]
[WhiteTitle "IM"]
[BlackTitle "FM"]
[WhiteElo "2397"]
[BlackElo "2283"]
[WhiteTeam "Belgium"]
[BlackTeam "Scotland"]
[WhiteFideId "208078"]
[BlackFideId "2400650"]
[EventDate "2017.10.28"]

1. d4 d5 2. Nf3 Nf6 3. e3 c5 4. c3 e6 5. Nbd2 Be7 6. Bd3 O-O 7. O-O b6 8. Qe2 a5
9. a4 Ba6 10. Bxa6 Nxa6 11. Ne5 Nb8 12. f4 Nfd7 13. b3 f6 14. Nd3 f5 15. Ba3 Nc6
16. Nf3 Rc8 17. Rfd1 Qc7 18. Nfe5 Ndxe5 19. fxe5 cxd4 20. exd4 Bxa3 21. Rxa3 Nd8
22. Rc1 Nf7 23. Nf4 Qe7 24. Ra2 Rc6 25. Qb5 Rfc8 26. c4 Ng5 27. Rf1 dxc4 28.
bxc4 Rxc4 29. Qxb6 Qd7 30. d5 exd5 31. Qxa5 R4c5 32. Qb6 R8c6 33. Qb3 Ne6 34.
Raf2 Nxf4 35. Rxf4 Rc1 36. Qb5 Qe6 37. Qb8+ Rc8 38. Qd6 Qxd6 39. exd6 Rxf1+ 40.
Kxf1 Kf7 41. Rxf5+ Ke6 42. d7 Rd8 43. Rf2 Rxd7 44. Ra2 Kd6 45. Ke2 Re7+ 46. Kd3
Re4 47. a5 Kc7 48. Re2 Rg4 49. h3 Rg3+ 50. Kd4 Kb7 51. Kxd5 Ka6 52. Ra2 Re3 53.
Kd4 Re6 54. Ra3 Rg6 55. g3 Rg5 56. Ke4 Rg6 57. h4 Rg4+ 58. Kf3 h5 59. Re3 g5 60.
Re6+ Ka7 61. hxg5 Rxg5 62. a6 Ra5 63. Rh6 Rg5 64. Kg2 Rf5 65. Kh3 Rg5 66. Rf6
Kb8 67. Rf7 Ka8 68. Rf4 Ka7 69. Kh4 Rg6 70. Ra4 Rg8 71. Ra3 Rh8 72. Ra5 Rh6 73.
Rxh5 Rxa6 74. Rb5 Rg6 75. g4 Ka6 76. Rb1 Rh6+ 77. Kg5 Rh8 78. Kf6 Rf8+ 79. Kg7
Rf4 80. g5 1-0

[Event "21st European Teams"]
[Site "Hersonissos GRE"]
[Date "2017.11.06"]
[Round "9.19"]
[Board "3"]
[White "Burnett, Andrew"]
[Black "Beukema, Stefan"]
[Result "0-1"]
[WhiteTitle "FM"]
[BlackTitle "IM"]
[WhiteElo "2226"]
[BlackElo "2378"]
[WhiteTeam "Scotland"]
[BlackTeam "Belgium"]
[WhiteFideId "2400855"]
[BlackFideId "1024523"]
[EventDate "2017.10.28"]

1. d4 f5 2. Nf3 Nf6 3. g3 d6 4. Bg2 g6 5. O-O Bg7 6. b3 O-O 7. Bb2 Na6 8. c4 Qe8
9. Nbd2 c5 10. Qc2 Rb8 11. Rac1 h6 12. a3 g5 13. dxc5 Nxc5 14. Nd4 Qh5 15. f3 f4
16. b4 Na6 17. Nf5 Bxf5 18. Qxf5 Nc7 19. Qa5 Ne6 20. Bxf6 Bxf6 21. Qd5 Qf7 22.
Ne4 Bd4+ 23. Kh1 Be3 24. Rc3 Nc7 25. Qxf7+ Kxf7 26. Bh3 Rfd8 27. Rd3 b5 28. c5
dxc5 29. Nxc5 Bxc5 30. bxc5 Rxd3 31. exd3 Rd8 32. gxf4 gxf4 33. Rd1 e6 34. Bg4
Rd5 35. Re1 h5 36. Bh3 Rxd3 37. Re4 Rxf3 38. Bg2 Rxa3 39. Rxf4+ Ke7 40. Bf3 Ra4 0-1

[Event "21st European Teams"]
[Site "Hersonissos GRE"]
[Date "2017.11.06"]
[Round "9.19"]
[Board "4"]
[White "Claesen, Pieter"]
[Black "Grant, Jonathan I M"]
[Result "1/2-1/2"]
[WhiteTitle "IM"]
[WhiteElo "2316"]
[BlackElo "2179"]
[WhiteTeam "Belgium"]
[BlackTeam "Scotland"]
[WhiteFideId "200727"]
[BlackFideId "2400294"]
[EventDate "2017.10.28"]

1. e4 c6 2. c4 d5 3. cxd5 cxd5 4. exd5 Nf6 5. Nf3 Nxd5 6. d4 e6 7. Nc3 Nxc3 8.
bxc3 Qc7 9. Bd2 Nd7 10. Bd3 Bd6 11. O-O b6 12. Re1 Bb7 13. Qe2 h6 14. Ne5 Nxe5
15. dxe5 Bc5 16. Bb5+ Bc6 17. a4 Rd8 18. Be3 Bxe3 19. Bxc6+ Qxc6 20. Qxe3 O-O
21. a5 Rd5 22. axb6 axb6 23. Red1 Rfd8 24. Rxd5 Rxd5 25. h3 Rc5 26. Ra7 Ra5 27.
Rxa5 bxa5 28. Qd4 Qd5 29. Qa7 Qxe5 30. c4 Qa1+ 31. Kh2 a4 32. c5 Qe5+ 33. g3 Qd4
34. Kg1 Qd1+ 35. Kh2 Qf3 36. Qb8+ Kh7 37. Qb2 a3 38. Qc2+ Qf5 39. Qxf5+ exf5 40.
c6 a2 41. c7 a1=Q 42. c8=Q g6 43. Qc7 Kg7 44. h4 Qd4 45. Kg2 Qe4+ 46. Kg1 g5 47.
hxg5 hxg5 48. Qc3+ Kg6 49. Qh8 Qb1+ 50. Kg2 Qb7+ 51. Kg1 f6 52. Qe8+ Kg7 53. Qd8
Qe4 54. Qc7+ Kg6 55. Qd6 Qa4 56. Qd3 Qe8 57. Qd6 Qe1+ 58. Kg2 Qe5 59. Qf8 Qe6
60. Qb8 f4 61. gxf4 Qg4+ 62. Kf1 Qxf4 63. Qg8+ Kh5 64. Qf7+ Kg4 65. Qd7+ f5 66.
Qd1+ Kh4 67. Qd5 Qe4 68. Qxe4+ fxe4 69. Ke2 Kg4 70. Ke3 Kf5 71. f3 exf3 72. Kxf3
g4+ 73. Kg3 Kg5 74. Kg2 Kf4 75. Kf2 g3+ 76. Kg2 Kg4 77. Kg1 Kf3 78. Kf1 g2+ 79.
Kg1 Kg3 1/2-1/2

[Event "21st European Teams"]
[Site "Hersonissos GRE"]
[Date "2017.11.06"]
[Round "9.20"]
[Board "1"]
[White "Saraci, Nderim"]
[Black "Bologan, Victor"]
[Result "1/2-1/2"]
[WhiteTitle "FM"]
[BlackTitle "GM"]
[WhiteElo "2393"]
[BlackElo "2615"]
[WhiteTeam "Kosovo"]
[BlackTeam "Moldova"]
[WhiteFideId "6351921"]
[BlackFideId "13900048"]
[EventDate "2017.10.28"]

1. d4 d6 2. c4 e5 3. dxe5 dxe5 4. Qxd8+ Kxd8 5. Nc3 Be6 6. b3 Nd7 7. Bb2 a5 8.
O-O-O f6 9. g3 c6 10. Bh3 Bxh3 11. Nxh3 Kc7 12. Na4 Nc5 13. Nxc5 Bxc5 14. Bc3
Ne7 15. f4 Ng6 16. e4 Be3+ 17. Bd2 Bd4 18. f5 Ne7 19. Ng1 Bxg1 20. Rhxg1 c5 21.
g4 a4 22. b4 Nc6 23. bxc5 a3 24. Bc3 Ra4 25. Kc2 Rxc4 26. Kb3 Rxc5 27. g5 Rc8
28. gxf6 gxf6 29. Rg7+ Kb6 30. Rd6 Rb5+ 31. Kc4 Ka6 32. Rxf6 Rb6 33. Kd5 Rd8+
34. Kc5 Rc8 35. Kd5 Rd8+ 36. Rd6 Ne7+ 37. Rxe7 Rdxd6+ 38. Kxe5 Rd3 39. Be1 Rb2
40. f6 Rf3 41. f7 b6 42. Bh4 Rxa2 43. Bf6 Rxf6 44. Kxf6 Rf2+ 45. Ke6 b5 46. Kd5
a2 47. Re6+ Ka5 48. Re8 Kb4 49. Ra8 Kb3 50. Ke6 Kb2 51. Ke7 b4 1/2-1/2

[Event "21st European Teams"]
[Site "Hersonissos GRE"]
[Date "2017.11.06"]
[Round "9.20"]
[Board "2"]
[White "Hamitevici, Vladimir"]
[Black "Makolli, Perparim"]
[Result "1-0"]
[WhiteTitle "IM"]
[BlackTitle "FM"]
[WhiteElo "2519"]
[BlackElo "2333"]
[WhiteTeam "Moldova"]
[BlackTeam "Kosovo"]
[WhiteFideId "13902393"]
[BlackFideId "908630"]
[EventDate "2017.10.28"]

1. d4 d5 2. Nf3 Nf6 3. Bf4 e6 4. e3 Bd6 5. Nbd2 Bxf4 6. exf4 Qd6 7. g3 c5 8. c3
Nc6 9. dxc5 Qxc5 10. Bd3 O-O 11. O-O Re8 12. Ne5 Nxe5 13. fxe5 Nd7 14. Qe2 Qb6
15. Nf3 h6 16. Rae1 Nc5 17. Bb1 Bd7 18. Nd4 a6 19. h4 Qd8 20. Qc2 f5 21. exf6
Qxf6 22. Qh7+ Kf8 23. Re3 Ke7 24. Nf5+ Kd8 25. Nxg7 Re7 26. Qg8+ Be8 27. Nxe8
Rxe8 28. Qg4 Kc7 29. Rf3 Qe5 30. Rf7+ Nd7 31. Qa4 b5 32. Qa5+ Kc6 33. c4 Qxb2
34. cxd5+ exd5 35. Bf5 Nb6 36. Rb1 Qe5 37. Rc1+ Nc4 38. Bd7+ Kc5 39. Bxe8 Qxe8
40. Rf6 Qe5 41. Qa3+ b4 42. Qa5+ Kd4 43. Rd1+ Ke4 44. Rf4+ 1-0

[Event "21st European Teams"]
[Site "Hersonissos GRE"]
[Date "2017.11.06"]
[Round "9.20"]
[Board "3"]
[White "Ermeni, Avni"]
[Black "Morozov, Nichita"]
[Result "0-1"]
[WhiteTitle "FM"]
[BlackTitle "IM"]
[WhiteElo "2247"]
[BlackElo "2467"]
[WhiteTeam "Kosovo"]
[BlackTeam "Moldova"]
[WhiteFideId "912840"]
[BlackFideId "13900897"]
[EventDate "2017.10.28"]

1. e4 g6 2. Nc3 Bg7 3. f4 d6 4. Nf3 Nf6 5. Bc4 O-O 6. d3 c6 7. O-O a5 8. a4 Na6
9. Kh1 d5 10. Bxa6 Rxa6 11. Qe1 Bg4 12. e5 Ne8 13. Qh4 Bc8 14. Bd2 Nc7 15. Rae1
c5 16. Nd1 d4 17. Ng5 h6 18. Ne4 Bf5 19. Ndf2 Nd5 20. c4 dxc3 21. bxc3 c4 22. d4
Rb6 23. g4 Bc8 24. Rb1 Bd7 25. h3 f5 26. Nc5 Bc6 27. Kh2 Rxb1 28. Rxb1 Nc7 29.
gxf5 gxf5 30. Nd1 b6 31. Rxb6 Qd5 32. Qf2 Qh1+ 33. Kg3 Kh7 34. Rxc6 Bf6 35. Rxf6
Rg8+ 36. Kh4 Rg4+ 0-1

[Event "21st European Teams"]
[Site "Hersonissos GRE"]
[Date "2017.11.06"]
[Round "9.20"]
[Board "4"]
[White "Macovei, Andrei"]
[Black "Sadiku, Bedri"]
[Result "1-0"]
[WhiteTitle "FM"]
[BlackTitle "IM"]
[WhiteElo "2328"]
[BlackElo "2213"]
[WhiteTeam "Moldova"]
[BlackTeam "Kosovo"]
[WhiteFideId "13904680"]
[BlackFideId "915998"]
[EventDate "2017.10.28"]

1. e4 c5 2. Nf3 a6 3. Nc3 e6 4. d4 cxd4 5. Nxd4 Qc7 6. Bd3 Nf6 7. f4 d6 8. Qf3
Nbd7 9. g4 Nc5 10. g5 Nfd7 11. Be2 Nb6 12. Be3 g6 13. O-O-O Bd7 14. h4 O-O-O 15.
h5 Bg7 16. Kb1 Kb8 17. h6 Bxd4 18. Bxd4 Rhe8 19. Bf6 Rc8 20. Rxd6 e5 21. Bxe5
Rxe5 22. fxe5 Nca4 23. Qd3 Be6 24. Nxa4 Nxa4 25. Rd1 Nc5 26. Qc3 Nxe4 27. Qxc7+
Kxc7 28. R6d4 Nxg5 29. Rg1 Nh3 30. Rg3 Kb8 31. b4 g5 32. Bf1 Nf4 33. Rxg5 Ng6
34. Bd3 Re8 35. a4 Kc7 36. a5 Re7 37. Kb2 Bd7 38. Rc4+ Kb8 39. Rc5 Be6 40. Kc3
Rd7 41. Rg1 Rd8 42. Rf1 Ne7 43. Bc4 Rd7 44. Bxe6 fxe6 45. Rf8+ Ka7 46. Kb3 1-0